Mediterranean wild flowers

Αποθηκεύτηκε σε:
Λεπτομέρειες βιβλιογραφικής εγγραφής
Άλλοι συγγραφείς: Blamey, Marjorie (Εικονογράφος), Grey-Wilson, Christopher
Μορφή: Βιβλίο
Γλώσσα:English
Δημοσίευση: London : Harper Collins, 1993
Θέματα:
Ετικέτες: Προσθήκη ετικέτας
Δεν υπάρχουν, Καταχωρήστε ετικέτα πρώτοι!

MARC

LEADER 00000nam a2200000 i 4500
001 1/4934
008 960909s1993 eng d
020 |a 0-00-219901-7 
035 |l 10015829 
040 |a GR-MY-UA  |b gre  |e aacr 
041 0 |a eng 
082 0 |a 582.1309 
245 1 0 |a Mediterranean wild flowers /  |c coulour paintings by Marjorie Blamey ; text and drawings by Christopher Grey-Wilson 
260 |a London :   |b Harper Collins,   |c 1993 
300 |a 560 p.  |b ill. 
500 |a A complete guide to the flowers of mediterranean coasts and islands, native and intoduced. Over 2000 illustrated 
650 0 0 |a Wild flowers  |z Mediterranean Region. 
700 1 |a Blamey, Marjorie.  |4 ill 
700 1 |a Grey-Wilson, Christopher. 
852 |a INST  |b LESVOS  |e 19960909  |h 582.1309 GRE  |p 005100012560  |q 005100012560  |t BK  |y 0 
909 |a Λ  |b 046513 
922 |a 1ΕΛΗ  |b 199512  |c ΑΚΡΙΩΤΗΣ 
950 |a 077/1995-10-24